Sports Quiz

Random Sports or Football Quiz

NCAA Division 1A Football Schools Quiz Stats

 Plays Quiz not verified by Sporcle

Challenge
Share
Tweet
Embed
Score 0/129 Timer 18:00
0 Plays Today
School Town % Correct
Akron ZipsAkron, OH
97.3%
Texas LonghornsAustin, TX
95.3%
Michigan WolverinesAnn Arbor, MI
93.3%
Alabama Crimson TideTuscaloosa, AL
92.7%
Cincinnati BearcatsCincinnati, OH
92.7%
Pittsburgh PanthersPittsburgh, PA
92%
Louisiana-Lafayette Ragin' CajunsLafayette, LA
91.3%
UCLA BruinsLos Angeles, CA
90.7%
UAB BlazersBirmingham, AL
90%
Auburn TigersAuburn, AL
90%
Ohio State BuckeyesColumbus, OH
90%
Houston CougarsHouston, TX
90%
Louisville CardinalsLouisville, KY
90%
San Diego State AztecsSan Diego, CA
90%
Memphis TigersMemphis, TN
89.3%
UTEP MinersEl Paso, TX
89.3%
UTSA RoadrunnersSan Antonio, TX
89.3%
Louisiana-Monroe WarhawksMonroe, LA
89.3%
Boise State BroncosBoise, ID
89.3%
Florida GatorsGainesville, FL
88.7%
Georgia Tech Yellow JacketsAtlanta, GA
88.7%
Syracuse OrangeSyracuse, NY
88.7%
USC TrojansLos Angeles, CA
88.7%
Tulsa Golden HurricaneTulsa, OK
88.7%
Wisconsin BadgersMadison, WI
88.7%
Troy TrojansTroy, AL
88%
Toledo RocketsToledo, OH
87.3%
Buffalo BullsBuffalo, NY
87.3%
Fresno State BulldogsFresno, CA
87.3%
Notre Dame Fighting IrishSouth Bend, IN
87.3%
Hawai'i WarriorsHonolulu, HI
86.7%
San Jose State SpartansSan Jose, CA
86.7%
Clemson TigersClemson, SC
86.7%
Navy MidshipmenAnnapolis, MD
86.7%
UCF KnightsOrlando, FL
86%
Temple OwlsPhiladelphia, PA
86%
Vanderbilt CommodoresNashville, TN
86%
Bowling Green FalconsBowling Green, OH
84.7%
Army Black KnightsWest Point, NY
84.7%
Washington HuskiesSeattle, WA
84%
Texas A&M AggiesCollege Station, TX
84%
Minnesota Golden GophersMinneapolis, MN
84%
Kentucky WildcatsLexington, KY
83.3%
School Town % Correct
Georgia BulldogsAthens, GA
83.3%
LSU TigersBaton Rouge, LA
83.3%
Colorado BuffaloesBoulder, CO
83.3%
Michigan State SpartansEast Lansing, MI
82.7%
Oregon DucksEugene, OR
82.7%
Oklahoma SoonersNorman, OK
82.7%
Baylor BearsWaco, TX
82%
Tulane Green WaveNew Orleans, LA
82%
North Carolina Tar HeelsChapel Hill, NC
82%
North Carolina State WolfpackRaleigh, NC
82%
Florida State SeminolesTallahassee, FL
81.3%
Nebraska CornhuskersLincoln, NE
81.3%
Utah UtesSalt Lake City, UT
80.7%
Texas Tech Red RaidersLubbock, TX
80%
Duke Blue DevilsDurham, NC
80%
South Carolina GamecocksColumbia, SC
80%
Indiana HoosiersBloomington, IN
80%
Kent State Golden FlashesKent, OH
79.3%
UNLV RebelsLas Vegas, NV
79.3%
Nevada Wolf PackReno, NV
78.7%
Rice OwlsHouston, TX
78.7%
Kansas JayhawksLawrence, KS
78.7%
Kansas State WildcatsManhattan, KS
78.7%
Tennessee VolunteersKnoxville, TN
78.7%
South Florida BullsTampa, FL
78%
Charlotte 49ersCharlotte, NC
78%
Virginia Tech HokiesBlacksburg, VA
78%
Miami HurricanesCoral Gables, FL
77.3%
Arizona State Sun DevilsTempe, AZ
77.3%
Air Force FalconsColorado Springs, CO
77.3%
Stanford CardinalPalo Alto, CA
77.3%
Maryland TerrapinsCollege Park, MD
77.3%
Arizona WildcatsTucson, AZ
76.7%
Iowa State CyclonesAmes, IA
76.7%
California Golden BearsBerkeley, CA
75.3%
Missouri TigersColumbia, MO
74.7%
Iowa HawkeyesIowa City, IA
74.7%
West Virginia MountaineersMorgantown, WV
74.7%
BYU CougarsProvo, UT
73.3%
Arkansas RazorbacksFayetteville, AR
72%
TCU Horned FrogsFort Worth, TX
72%
FIU Golden PanthersMiami, FL
71.3%
New Mexico LobosAlbuquerque, NM
71.3%
School Town % Correct
Connecticut HuskiesStorrs, CT
71.3%
Oklahoma State CowboysStillwater, OK
71.3%
Ole Miss RebelsOxford, MS
70%
Wake Forest Demon DeaconsWinston-Salem, NC
70%
SMU MustangsDallas, TX
68%
Virginia CavaliersCharlottesville, VA
68%
Northwestern WildcatsEvanston, IL
67.3%
Wyoming CowboysLaramie, WY
66%
Massachusetts MinutemenAmherst, MA
65.3%
Oregon State BeaversCorvallis, OR
65.3%
Purdue BoilermakersWest Lafayette, IN
64%
Marshall Thundering HerdHuntington, WV
62%
Boston College EaglesChestnut Hill, MA
61.3%
Georgia State PanthersAtlanta, GA
60%
Mississippi State BulldogsStarkville, MS
60%
Illinois Fighting IlliniUrbana, IL
60%
Colorado State RamsFort Collins, CO
57.3%
Washington State CougarsPullman, WA
56.7%
Ball State CardinalsMuncie, IN
55.3%
Idaho VandalsMoscow, ID
52.7%
Middle Tennessee Blue RaidersMurfreesboro, TN
52.7%
Western Kentucky HilltoppersBowling Green, KY
52%
South Alabama JaguarsMobile, AL
50.7%
New Mexico State AggiesLas Cruces, NM
50.7%
Western Michigan BroncosKalamazoo, MI
50%
Southern Miss Golden EaglesHattiesburg, MS
48.7%
Penn State Nittany LionsUniversity Park, PA
48%
Ohio BobcatsAthens, OH
48%
Rutgers Scarlet KnightsPiscataway, NJ
47.3%
Eastern Michigan EaglesYpsilanti, MI
44%
Miami RedhawksOxford, OH
43.3%
North Texas Mean GreenDenton, TX
43.3%
Appalachian State MountaineersBoone, NC
43.3%
NIU HuskiesDeKalb, IL
41.3%
Old Dominion MonarchsNorfolk, VA
41.3%
Utah State AggiesLogan, UT
40.7%
Arkansas State Red WolvesJonesboro, AR
36.7%
East Carolina PiratesGreenville, NC
36.7%
Louisiana Tech BulldogsRuston, LA
36%
Central Michigan ChippewasMount Pleasant, MI
35.3%
Texas State BobcatsSan Marcos, TX
33.3%
Florida Atlantic OwlsBoca Raton, FL
32.7%
Georgia Southern EaglesStatesboro, GA
32.3%

You're not logged in!

Compare scores with friends on all Sporcle quizzes.
Join for Free
OR
Log In

You Might Also Like...

Show Comments

Extras

Top Quizzes Today


Score Distribution

Your Account Isn't Verified!

In order to create a playlist on Sporcle, you need to verify the email address you used during registration. Go to your Sporcle Settings to finish the process.

Report this User

Report this user for behavior that violates our Community Guidelines.

Details: